00528nam a2200157 a 450000100100000000500170001000800410002704000230006808200150009110000240010624500340013026000410016430000350020595201130024099900170035300004446720201002045409.0140702s2004 dr a 000 0 spa d aDO-SdBNPbspacNPHU axxxxbxxxx1 aSantana, Eli97248710aBienvenue /cEli Santana Eli. aSanto Domingo :bEditora Enoc,c199? a44 p. :bil., retrs. ;c21 cm. 0010718PDaPDbPDcHDd2014-07-02iLF1l0oxxxx xxxxp44467-10r2020-06-25w2020-06-25yLFPDZNo se presta c43956d43956